书目信息 |
| 题名: |
王小波全集
|
|
| 作者: | 王小波 著 | |
| 分册: | 第六卷 中篇小说 | |
| 出版信息: | 昆明 云南人民出版社 2006 |
|
| 页数: | 337页 | |
| 开本: | 23cm | |
| 丛书名: | ||
| 单 册: | ||
| 中图分类: | I247.57 , I217.52 | |
| 科图分类: | ||
| 主题词: | 文学--作品--中国--现代--选集 , 文学 , 中篇小说 , 中篇小说--中国--现代--选集 | |
| 电子资源: | ||
| ISBN: | 7-222-04766-2 | |
| 000 | 00972nam0 2200265 450 | |
| 001 | 003349126000 | |
| 005 | 20070805164857.29 | |
| 010 | @a7-222-04766-2@b精装@dCNY288.00(全10册) | |
| 100 | @a20070324d2006 em y0chiy0110 ea | |
| 101 | 0 | @achi |
| 102 | @aCN@b530000 | |
| 105 | @ay z 000ay | |
| 200 | 1 | @a王小波全集@9wang xiao bo quan ji@h第六卷@i中篇小说@i黄金时代 三十而立 似水流年 革命时期的爱情 我的阴阳两界@f王小波著 |
| 210 | @a昆明@c云南人民出版社@d2006@h2007印 | |
| 215 | @a337页@d23cm | |
| 330 | @a本套书收录了王小波生前的重要著述,内容包括作者的杂文、长篇小说、中篇小说、短篇小说、书信集及未竟稿。本卷为中篇小说:黄金时代、三十而立、似水流年、革命时期的爱情、我的阴阳两界。 | |
| 606 | 0 | @a文学@x作品@y中国@z现代@j选集 |
| 606 | 0 | @a文学 |
| 606 | 0 | @a中篇小说 |
| 606 | 0 | @a中篇小说@y中国@z现代@j选集 |
| 690 | @aI247.57@v4 | |
| 690 | @aI217.52@v4 | |
| 701 | 0 | @a王小波@9wang xiao bo@4著 |
| 801 | 0 | @aCN@bNLC@c20070805 |
| 905 | @a10447@dI217.52@e614:6 | |
| 王小波全集.第六卷.中篇小说.黄金时代 三十而立 似水流年 革命时期的爱情 我的阴阳两界/王小波著.-昆明:云南人民出版社,2006(2007印) |
| 337页;23cm |
| ISBN 7-222-04766-2(精装):CNY288.00(全10册) |
| 本套书收录了王小波生前的重要著述,内容包括作者的杂文、长篇小说、中篇小说、短篇小说、书信集及未竟稿。本卷为中篇小说:黄金时代、三十而立、似水流年、革命时期的爱情、我的阴阳两界。 |
| ● |
| 相关链接 |
|
|
|
|
正题名:王小波全集
索取号:I217.52/614:6
 
预约/预借
| 序号 | 登录号 | 条形码 | 馆藏地/架位号 | 状态 | 备注 |
| 1 | 0808409 | 208084099 | 第一样本阅览室/ [索取号:I217.52/614:6] | 在馆 | |
| 2 | 0808410 | 208084106 | 第二借阅区/ [索取号:I217.52/614:6] | 在馆 | |
| 3 | 0808411 | 208084115 | 第二借阅区/ [索取号:I217.52/614:6] | 在馆 | |
| 4 | 0808412 | 208084124 | 第二借阅区/ [索取号:I217.52/614:6] | 在馆 | |
| 5 | 0808413 | 208084133 | 第二借阅区/ [索取号:I217.52/614:6] | 在馆 | |
| 6 | 0808414 | 208084142 | 第二借阅区/ [索取号:I217.52/614:6] | 在馆 | |
| 7 | 0808415 | 208084151 | 第二借阅区/ [索取号:I217.52/614:6] | 在馆 | |
| 8 | 0808416 | 208084160 | 第二借阅区/ [索取号:I217.52/614:6] | 在馆 | |
| 9 | 0808417 | 208084179 | 第二借阅区/ [索取号:I217.52/614:6] | 在馆 | |
| 10 | 0808418 | 208084188 | 第二借阅区/ [索取号:I217.52/614:6] | 在馆 |